000 00884nmm a2200265 a 4500
001 ocm000652841
003 TR-IsHL
005 20201028132743.0
008 131030s2009 tu tur
007 cr cn
020 _a9789756476604
035 _a652841
_b(N$T)
050 0 4 _aPL240
_b.H39 2009
090 0 4 _aPL240
_b.H39 2009
245 1 0 _aHayatın içinden yaşanmış öyküler
_h[electronic resource] /
_c[derleyen] Mehmet Dikmen
260 _aİstanbul :
_bCihan Yayınları,
_c2009
300 _a97 p.
650 4 _aFelsefe, Psikoloji ve Din
650 4 _aPhilosophy, Psychology and Religion
650 0 _aKısa hikayeler, Türk
650 0 _aShort stories, Turkish
650 7 _aLITERARY COLLECTIONS / Middle Eastern
_2bisacsh
700 1 _aDikmen, Mehmet
856 4 0 _uhttp://search.ebscohost.com/login.aspx?direct=true&scope=site&db=e011xww&AN=652841
999 _c5264
_d5264